000
00275nam a22001097a 4500
008
240610b |||||||| |||| 00| 0 eng d
100
_a
Balaychand Mukhopadhyay
_9
15240
245
_a
Bhim Palshri
260
_b
Indian Association Pub.
_c
Calcutta
300
_a
284p.
942
_c
BK
999
_c
39487
_d
39487